ذ کر حق (Record no. 170091)

MARC details
000 -LEADER
fixed length control field 00680nam a22001937a 4500
005 - DATE AND TIME OF LATEST TRANSACTION
control field 20191210170724.0
010 ## - LCCN (DPL NO)
LC control number A-835197
020 ## - INTERNATIONAL STANDARD BOOK NUMBER
Terms of availability 60.00
International Standard Book Number -
035 ## - SYSTEM CONTROL NUMBER
System control number A-835197
037 ## - SOURCE OF ACQUISITION
Source of stock number/acquisition BPPD
082 ## - DEWEY DECIMAL CLASSIFICATION NUMBER
Classification number 270
100 ## - MAIN ENTRY--PERSONAL NAME
Personal name مر تبہ :شا ہ خليل احمد فا ر و قی
245 ## - TITLE STATEMENT
Title ذ کر حق
Statement of responsibility, etc مر تبہ :شا ہ خليل احمد فا ر و قی
246 ## - VARYING FORM OF TITLE
Title proper/short title Zikr-e-Haqu(Urdu)
Remainder of title by Shah KhalilAhmed Farooqui
260 ## - PUBLICATION, DISTRIBUTION, ETC. (IMPRINT)
Place of publication, distribution, etc Lucknow
Date of publication, distribution, etc 1992 ء
Name of publisher, distributor, etc Shah KhalilAhmed Farooqui
270 ## - ADDRESS
Address Radoli Zila Barabanki,Maktaba Deen-e-Adab,Aminudola Park,Ameen Abad
City Lucknow
Telephone number -
Postal code -
300 ## - PHYSICAL DESCRIPTION
Extent 216 ص
Dimensions 22 cm(hb)
942 ## - ADDED ENTRY ELEMENTS (KOHA)
Source of classification or shelving scheme Dewey Decimal Classification
Item type Urdu Bks
Classification part 270
Call number suffix ف ا ر
Holdings
Withdrawn status Lost status Not for loan Collection code Home library Current library Date acquired Source of acquisition Cost, normal purchase price Full call number Barcode Copy number Cost, replacement price Koha item type
      Non-fiction Central Library Central Library 10/12/2019 BPPD/Ven. 60.00 270 ف ا ر A-835197 1 60.00 Urdu Bks

© Delhi Public Library
Hit Counter
free hit counter